An introduction to error analysis : (Record no. 206126)
[ view plain ]
| 000 -LEADER | |
|---|---|
| fixed length control field | 00954 a2200169 4500 |
| 003 - CONTROL NUMBER IDENTIFIER | |
| control field | NUST |
| 005 - DATE AND TIME OF LATEST TRANSACTION | |
| control field | 20221107180538.0 |
| 040 ## - CATALOGING SOURCE | |
| Transcribing agency | Nust |
| 082 ## - DEWEY DECIMAL CLASSIFICATION NUMBER | |
| Classification number | 511.43,TAY |
| 100 ## - MAIN ENTRY--PERSONAL NAME | |
| Personal name | Taylor, John R |
| 9 (RLIN) | 78568 |
| 245 ## - TITLE STATEMENT | |
| Title | An introduction to error analysis : |
| Remainder of title | the study of uncertainties in physical measurements / |
| Statement of responsibility, etc. | John R.Taylor |
| 260 ## - PUBLICATION, DISTRIBUTION, ETC. | |
| Place of publication, distribution, etc. | California |
| Name of publisher, distributor, etc. | University science books |
| Date of publication, distribution, etc. | 1980 |
| 300 ## - PHYSICAL DESCRIPTION | |
| Extent | ix,272 p.: |
| 505 ## - FORMATTED CONTENTS NOTE | |
| Formatted contents note | 1.Preliminary description of error analysis(Page-1), How to report and use uncertainties(Page-13), propagation of uncertainties(Page-55), Statistical analysis of random uncertainties(Page-106), The normal distribution(Page-126), Rejection of data(Page-184), Weighted averages (Page-193), Least -squares fit to a straight line(Page-198), Covariance(Page-216), The binomial distribution(Page-236), The Poisson distribution(Page-250),Tables and bibliography(page 262). |
| 650 ## - SUBJECT ADDED ENTRY--TOPICAL TERM | |
| Topical term or geographic name entry element | Error analysis |
| 9 (RLIN) | 102448 |
| 942 ## - ADDED ENTRY ELEMENTS (KOHA) | |
| Source of classification or shelving scheme | |
| Koha item type | Book |
| Call number prefix | 511.43,TAY |
| Withdrawn status | Lost status | Source of classification or shelving scheme | Damaged status | Not for loan | Permanent Location | Current Location | Shelving location | Date acquired | Full call number | Barcode | Date last seen | Price effective from | Koha item type | Public note |
|---|---|---|---|---|---|---|---|---|---|---|---|---|---|---|
| Military College of Signals (MCS) | Military College of Signals (MCS) | General Stacks | 12/12/2016 | 511.43,TAY | MCS7642 | 12/08/2016 | 12/12/2016 | Book | Almirah No.10, Shelf No.5 |
